Statistics for População do Distrito de Braga por ordem

Click here to take the quiz!

General Stats

  • This quiz has been taken 7 times
  • The average score is 6 of 14

Answer Stats

HintAnswer% Correct
193 324 hab.Braga
100%
156 830 hab.Guimarães
71%
133 534 hab.Vila Nova de Famalicão
71%
116 752 hab.Barcelos
43%
35 132 hab.Esposende
43%
46 444 hab.Vila Verde
43%
23 896 hab.Vizela
43%
18 595 hab.Amares
29%
15 558 hab.Cabeceiras de Basto
29%
17 643 hab.Celorico de Basto
29%
48 497 hab.Fafe
29%
21 775 hab.Póvoa de Lanhoso
29%
6 358 hab.Terras de Bouro
29%
11 955 hab.Vieira do Minho
29%

Score Distribution

Percentile by Number Answered

Percent of People with Each Score

Your Score History

You have not taken this quiz